000 00984nam a22003017a 4500
001 BR0903789
003 BR-BrBNA
005 20230928103041.0
007 ta
008 230509b bl.||||| |||| 00| 0 por d
040 _aBR-BrBNA
_bpor
_cBiblioteca Nacional de Agricultura
041 _a(Por)
072 _aP33; U10
090 _ P33 BR0903789
100 1 _aRibeiro, K.D.
110 1 _aUniversidade Federal de Lavras, MG (Brasil)
_0Tese (Doutorado)
245 1 _aDistribuição de vazios, determinada pela teoria geométrica probabilística, e sua influência na caracterização físico-hídrica dos solos
260 3 _aLavras, MG (Brasil):
_c2008.
300 _a171 p.
500 _aSummaries (Eng, Por); Bibliography p. 117-132; 38 tables; 25 illus.
650 _aFÍSICA DO SOLO
650 _aGRANULOMETRIA
650 _aCOMPACTAÇÃO DO SOLO
650 _aÁGUA DO SOLO
650 _aMODELO MATEMÁTICO
909 _a202309
_bLucia
_c55
_dLucia Elande
942 _cBK
999 _c73506
_d73506